Louis Tomlinson family member name - Statistics

General Stats
  • This quiz has been taken 28 times
    27 since last reset
  • The average score is 13 of 28
Answer Stats
Picture Hint Answer % Correct
Him Louis Tomlinson
100%
sister Charlotte (Lottie) Tomlinson
91%
sister Daisy Tomlinson
86%
son Freddie Tomlinson
86%
Father Mark Tomlinson
86%
sister Félicité (Fizzy) Tomlinson
82%
sister Phoebe Tomlinson
82%
brother-in-law Lewis Burton
55%
nephew Lucky Burton
55%
half-sister Doris Deakin
50%
half-brother Ernest Deakin
50%
"real father" Troy Austin
50%
son's mother Briana Jungwirth
45%
ex girlfriend Eleanor Calder
45%
2nd niece Flossie Burton
45%
Mother Johannah Deakin
41%
step-father Dan Deakin
32%
brother-in-law Jack Varley
27%
1st niece Olive Varley
27%
ex girlfriend Danielle Campbell
23%
"sister" from real dad Georgia Austin
23%
brother-in-law Ryan Viggars
23%
grandad (mom side) Len Poulston
18%
Step-Mother Sally Tomlinson
18%
grandma (mom side) Jen Poulston
14%
Half-sister Emily Wordsworth
5%
grandpa (dad side) Keith Tomlinson
5%
grandma (dad side) Margaret Tomlinson
5%
No matching quizzes found
Score Distribution
Percent of People with Each Score
Percentile by Number Answered
Your Score History
You have not taken this quiz since the last reset